Statistics for Death By A Thousand Cuts - Taylor Swift (All Lyrics)

Click here to take the quiz!

General Stats

  • This quiz has been taken 37 times
    (19 since last reset)
  • The average score is 380 of 431

Answer Stats

Lyrics% Correct
a
100%
by
100%
cut
100%
cuts)
100%
cuts
100%
death
100%
I
100%
"I
100%
My,
100%
my
100%
my,
100%
My
100%
thousand
100%
to
100%
You
100%
(You
100%
you
100%
And
93%
and
93%
body,
93%
didn't
93%
enough,
93%
enough
93%
Is
93%
is
93%
it
93%
(It's
93%
it's
93%
It's
93%
know"
93%
like
93%
love,
93%
love
93%
me
93%
no
93%
No,
93%
no,
93%
not
93%
of
93%
say,
93%
that
93%
the
93%
They
93%
touch)
93%
touch
93%
was
93%
we
93%
am
87%
ask
87%
baby
87%
be
87%
but
87%
But
87%
'Cause
87%
don't
87%
find
87%
hips,
87%
I'll
87%
I'm
87%
just
87%
lights
87%
long
87%
Now
87%
now
87%
on
87%
one
87%
part
87%
thin
87%
this
87%
traffic
87%
up
87%
wasn't
87%
when
87%
why
87%
with
87%
your
87%
you're
87%
ages
80%
alright
80%
alright,
80%
can't
80%
drunk,
80%
for
80%
from
80%
get
80%
goodbye
80%
home
80%
if
80%
in
80%
it'll
80%
look
80%
once
80%
only
80%
Our
80%
our
80%
ours
80%
paper
80%
Paper
80%
said
80%
saying
80%
Saying
80%
see
80%
still
80%
take
80%
them
80%
thing
80%
through
80%
too
80%
way
80%
what
80%
windows
80%
bad
73%
boarded
73%
comes
73%
country,
73%
Even
73%
everywhere,
73%
fears
73%
films,
73%
Flashbacks
73%
Gave
73%
great
73%
guess
73%
hand
73%
heart,
73%
here
73%
lawless
73%
morning
73%
much,
73%
okay
73%
one's
73%
over,
73%
pages?
73%
plans
73%
pretend
73%
Quiet
73%
searching
73%
share
73%
small
73%
songs,
73%
spirit,
73%
stand
73%
stings
73%
story's
73%
though
73%
time,
73%
town
73%
united
73%
waking
73%
writing
73%
Chandelier's
67%
club
67%
drug
67%
flickering
67%
haunted
67%
land
67%
signs
67%
trust
67%
wine,
67%
dress
60%
kill
60%
Tryna
53%

Score Distribution

Percentile by Number Answered

Percent of People with Each Score

Your Score History

You have not taken this quiz since the last reset